000 00366nam a2200157Ia 4500
008 230524s9999 xx 000 0 und d
082 _a4
_bNLP
100 _aSuknight
_910649
245 0 _aIntroducing NLP
250 _a1st
260 _aNEW DELHI
_bUniversity Press
_c2000
300 _aV;69
500 _aQuantity Number: 1
650 _aComp-Sc
942 _cBK
999 _c14582
_d14582